000 00608nam a2200229Ia 4500
001 15006
003 GE_BSU
008 181216s||||||||xx |||||||||||||| ||und||
040 _cGE_BSU
080 _a821.353.1-31
100 _aქიაჩელი,ლეო
245 _aსისხლი
245 _bრომანი
245 _cრედ.ს.ჭილაია
260 _aთბილისი
260 _bსაბჭოთა მწერალი
260 _c1945
300 _a280გვ.22სმ.
653 _aრომანი
653 _aსისხლი
942 _cBK
999 _c48125
_d48125